000 00565nam a2200217 i 4500
001 C2-0140040
003 PPAK
005 20180727125041.0
008 971222s1988 my |||| ||||| | may d
040 _aPPAK
_beng
_cPPAK
_erda
082 0 4 _a411
_223
090 0 0 _a411
_bBUK
_dKIH
245 0 0 _aBuku kepingan huruf abjad
264 1 _aKuala Lumpur :
_bDewan Bahasa dan Pustaka ,
_c1988
300 _a12 pages ;
_c18 cm
336 _2rdacontent
_atext
337 _2rdamedia
_aunmediated
338 _2rdacarrier
_avolume
650 1 0 _aAlphabets
942 _ddc
_cB
999 _c43917
_d43917